| 000 -LEADER |
| fixed length control field |
00896cam a2200289 a 4500 |
| 001 - CONTROL NUMBER |
| control field |
772096 |
| 003 - CONTROL NUMBER IDENTIFIER |
| control field |
OSt |
| 005 - DATE AND TIME OF LATEST TRANSACTION |
| control field |
20230323095819.0 |
| 008 - FIXED-LENGTH DATA ELEMENTS--GENERAL INFORMATION |
| fixed length control field |
180725s2010 enka b 000 j eng d |
| 020 ## - INTERNATIONAL STANDARD BOOK NUMBER |
| International Standard Book Number |
9781409516675 |
| Qualifying information |
(pbk.) : |
| 040 ## - CATALOGING SOURCE |
| Original cataloging agency |
TWTCL |
| Language of cataloging |
eng |
| Transcribing agency |
TWTCL |
| Description conventions |
aacr |
| Modifying agency |
KH8 |
| 041 0# - LANGUAGE CODE |
| Language code of text/sound track or separate title |
eng |
| 042 ## - AUTHENTICATION CODE |
| Authentication code |
nbic |
| 082 0# - DEWEY DECIMAL CLASSIFICATION NUMBER |
| Classification number |
823.92 MAC |
| 100 1# - MAIN ENTRY--PERSONAL NAME |
| Personal name |
Mackinnon, Mairi. |
| Relator term |
Author |
| 245 14 - TITLE STATEMENT |
| Title |
The circus under the sea / |
| Statement of responsibility, etc. |
written by Mairi Mackinnon ; illustrated by Ben Mantle. |
| 260 ## - PUBLICATION, DISTRIBUTION, ETC. |
| Place of publication, distribution, etc. |
London : |
| Name of publisher, distributor, etc. |
Usborne, |
| Date of publication, distribution, etc. |
2010. |
| 300 ## - PHYSICAL DESCRIPTION |
| Extent |
32 p. : |
| Other physical details |
col. ill. ; |
| Dimensions |
20 cm. |
| 490 1# - SERIES STATEMENT |
| Series statement |
Usborne very first reading ; |
| Volume/sequential designation |
12. |
| 490 1# - SERIES STATEMENT |
| Series statement |
My first reading library. |
| 650 #0 - SUBJECT ADDED ENTRY--TOPICAL TERM |
| Topical term or geographic name entry element |
Circus |
| Form subdivision |
Juvenile fiction. |
| 650 #0 - SUBJECT ADDED ENTRY--TOPICAL TERM |
| Topical term or geographic name entry element |
Marine animals |
| General subdivision |
Juvenile fiction. |
| 700 1# - ADDED ENTRY--PERSONAL NAME |
| Personal name |
Mantle, Ben. |
| Relator term |
illustrator |
| 830 #0 - SERIES ADDED ENTRY--UNIFORM TITLE |
| Uniform title |
Usborne very first reading. |
| 830 #0 - SERIES ADDED ENTRY--UNIFORM TITLE |
| Uniform title |
My first reading library. |
| 942 ## - ADDED ENTRY ELEMENTS (KOHA) |
| Source of classification or shelving scheme |
|
| Koha item type |
Books - Non Ficton |